00313pab a2200121 454500008004000000100001600040245005700056260000900113300001000122362000900132650003000141773002000171180718b1988 xxu||||| |||| 00| 0 eng d aPatel, A.R. aFinancing Khadi and Village industriesbVital issues c1988 a65-73 aOct. aIndustry, Rural - Finance aKhadi Gramodyog